000 00378nam a22001697a 4500
003 UA-OsUOA
001 3860
007 ta
008 20050721b un ||||| |||| 00| 0 ukr d
100 _aBassett
700 _aJennifer
942 _cBK
040 _aUA-OsUOA
_cUA-OsUOA
_dUA-OsUOA
245 _aTeacher's Handbook. Stage 3.
_bEnglish Practice
955 _a2
650 7 _2UDC
999 _c290022
_d290022